[Event "HCL-M867"]
[Site "www.playchess.de"]
[Date "2006.01.23"]
[Round "6"]
[White "Dailos"]
[Black "randa"]
[WhiteElo "2119"]
[BlackElo "2292"]
[PlyCount "101"]
[Result "1/2-1/2"]

1.e4 g6 2.d4 c6 3.Nc3 d5 4.h3 Bg7 5.Nf3 Nh6 6.Bd3 
O-O 7.O-O f6 8.Ne2 Nf7 9.exd5 cxd5 10.c4 e6 11.Nf4 
Nc6 12.Be3 f5 13.cxd5 exd5 14.Qb3 g5 15.Nh5 g4 
16.hxg4 fxg4 17.Qc2 gxf3 18.Bxh7+ Kh8 19.Qg6 Rg8 
20.Bxg8 Qxg8 21.Nf6 Bxf6 22.Qxf6+ Qg7 23.Qxf3 Be6 
24.Rac1 Qg6 25.b4 a6 26.Rfe1 Rg8 27.Bf4 Nxd4 
28.Qg3 Qg4 29.Qxg4 Rxg4 30.Bg3 Kg8 31.Rc7 b5 
32.Re3 Re4 33.Bh2 Bf5 34.Rxe4 Bxe4 35.a3 Bd3 36.f3 
Nb3 37.Ra7 d4 38.Bf4 Bc2 39.Rxa6 d3 40.Re6 Nd4 
41.Re8+ Kg7 42.Kf2 Ne2 43.Be3 Nd6 44.Re7+ Kf8 
45.Rc7 Nc4 46.Bh6+ Ke8 47.Bg5 Nxa3 48.Re7+ Kf8 
49.Ra7 Nc4 50.Rd7 Nc3 51.Ke1 {(offering draw)} 
 1/2-1/2

[Event "HCL-B3768"]
[Site "www.playchess.de"]
[Date "2006.01.23"]
[Round "6"]
[White "Huib"]
[Black "tilki64"]
[WhiteElo "1252"]
[BlackElo "1400"]
[PlyCount "21"]
[Result "1-0"]

1.e4 {I'm sorry for the last few days. I'll try to 
move every day. Good luck}  b6 2.Nf3 Bb7 3.Nc3 g6 
4.d4 Bg7 5.Be3 e6 6.Bd3 d6 7.O-O Ne7 8.Qd2 c5 
9.Bb5+ Nbc6 10.d5 a6 11.dxc6 1-0

[Event "HCL-M851"]
[Site "www.playchess.de"]
[Date "2006.01.23"]
[Round "8"]
[White "tornado"]
[Black "Hassell"]
[WhiteElo "1796"]
[BlackElo "2307"]
[PlyCount "63"]
[Result "1-0"]

1.e4 {Hello, Hassell. Good luck.}  c5 {Hi, the 
best of luck to you too.}  2.Nf3 d6 3.d4 cxd4 
4.Nxd4 Nf6 5.Nc3 a6 6.Bg5 e6 7.f4 Qc7 8.Qf3 Be7 
9.O-O-O Nbd7 10.g4 b5 11.Bxf6 Nxf6 12.g5 Nd7 13.f5 
Bxg5+ 14.Kb1 Ne5 15.Qh5 Qe7 16.Nxe6 Bxe6 17.fxe6 
g6 18.exf7+ Kxf7 19.Qh3 Kg7 20.Nd5 Qd8 21.Be2 Rf8 
22.Rhf1 Rxf1 23.Rxf1 Rb8 24.Qg3 Bh4 25.Qe3 a5 
26.Qa7+ Kh8 27.Nf6 Bxf6 28.Rxf6 Nc6 29.Qf2 Ne5 
30.Re6 b4 31.Qd4 Qb6 32.Qxd6 1-0

[Event "HCL-B3802"]
[Site "www.playchess.de"]
[Date "2006.01.23"]
[Round "4"]
[White "dynamike"]
[Black "Kannsnich"]
[WhiteElo "1479"]
[BlackElo "1206"]
[PlyCount "93"]
[Result "1-0"]

1.e4 c6 {na auf ein neues und immer hab ich 
schwarz}  2.d4 {Immer hab ich weiß. Ja ja, es gibt 
doch noch Gerechtigkeit auf dieser Welt :-)}  d5 
{so lange ich die punkte krieg kannst du alles 
haben.ok meine frau nich}  3.exd5 {wer will schon 
ne Frau :-)}  cxd5 4.c4 {... oder besser gesagt 
... Deine}  Nf6 {hehe laß mich dich etwas 
zerhauen}  5.Nc3 {zerhauen ? Komm erst mal in die 
Puschen}  Nc6 {ok ran springer ran}  6.cxd5 Nxd5 
{eh du bist ja schnell bist du immer im netz}  
7.Bb5 {fast immer :-)}  e6 {hm keine ahnung was 
die theorie dazu meint gefällt mir schon nicht 
mehr}  8.Nf3 {ist doch noch alles ok}  Bb4 {ich 
war mir nicht so sicher z.b.läufer schlägt c6 mit 
isolanibauer auf c6.(statt springer f3)}  9.Bd2 
{c6 würde dann stark auf c5 kommen (solange Du den 
schwarzfeldrigen Läufer und die Dame hast, wäre 
das stets ein interessanter Vorstoß)}  O-O {stimmt 
das hab ich nicht bedacht.Spielst du im verein ?}  
10.O-O {Ja, war sogar Vizemeister letztes Jahr. 
Aber hier spiele ich 50 Partien gleichzeitig und 
das in einem Affentempo :-) Da patze ich häufiger 
und habe eine lausige Wertungszahl}  Qa5 {wie 
vizemeister ? von Holland ??}  11.Bxc6 
{Vereinsmeisterschaft. Danach hattest Du doch 
gefragt}  bxc6 {nicht schlecht da bin ich ja ein 
armes würstchen.wie du in der anderen partie 
siehst passiert mir auch schreckliches}  12.Qc2 
Qd8 13.a3 {So schnell, wie ich hier ziehe, hast Du 
gute Chancen ! Habe gerade erst Deine Aufgabe in 
der anderen Partie gesehen.}  Ba5 {ja währe 
lächerlich gewesen die andere partie 
weiterzuspielen}  14.b4 Bc7 15.Ne4 Bd7 16.Rac1 a5 
17.Nc5 axb4 18.axb4 Rb8 19.Nxd7 Qxd7 {du bist 
einfach zu gut für mich}  20.Qxc6 {ja genau ... zu 
gut für diese Welt :-)}  Qd6 {du frißt einfach 
alles und das noch bei besserer stellung.wo ist 
mein gegenspiel??? aber d6 dürfte noch besser sein 
als Q schlägt Q}  21.Rc5 {Mampf...Allesfresser...mampf 
:-)}  Rb6 22.Qa4 Rfb8 23.Rb1 Ra6 24.Qc2 Ra7 25.g3 
g6 26.Ne5 Rba8 27.h4 R7a1 28.Rc6 Qe7 {nun etwas 
gutes kann ich über dich berichten du läßt mir 
meine weiß-bilanz und du gehst darin zurück wo du 
hingehörst.meinen glückwunsch zum tuniersieg}  
29.b5 {Mehr Gutes gibt es nicht über mich !}  
Rxb1+ {ja wenigstens weiß ich wo der fehler 
lag,aber wirklich wunderbar wie du den vorteil 
behandelst}  30.Qxb1 Rb8 31.Qd3 Rd8 32.Ng4 h5 
33.Ne3 Nxe3 34.Bxe3 Qd7 35.Qc4 Bb8 36.Bg5 Re8 
{mein gott was für eine schei... jetzt bin ich 
schon auf der letzten reihe zurückgedrängt}  37.b6 
{Na ja, dahinter gibt es ja nichts mehr wohin Du 
Dich verkrümmeln könntest :) Ich patze soviel in 
der letzten Zeit, da kann hier auch noch etwas 
anbrennen.}  Kg7 38.Qc3 e5 39.Bf6+ Kg8 40.dxe5 
Qd1+ 41.Kh2 Qe2 42.Kg2 Bxe5 43.Bxe5 Rxe5 44.b7 
Qe4+ 45.Kh2 Qe2 {tja schön gespielt ich laß mich 
noch mattsetzen dauert ja eh nicht mehr lang}  
46.b8Q+ Kh7 47.Rf6 {Du hast ja nur auf ein 
Dauerschach spekuliert :)}  1-0

[Event "HCL-C4104"]
[Site "www.playchess.de"]
[Date "2006.01.23"]
[Round "5"]
[White "Ulpe"]
[Black "nichju"]
[WhiteElo "1561"]
[BlackElo "1035"]
[PlyCount "43"]
[Result "1-0"]

1.e4 {sers}  e5 {Hallo und viel Glück}  2.Nf3 Nc6 
3.Bb5 {ciao bis morsche denk i}  a6 4.Ba4 b5 5.Bb3 
Nf6 6.O-O Nxe4 7.d4 exd4 8.Re1 f5 9.Nxd4 Qh4 10.g3 
Qf6 11.Nxc6 dxc6 12.f3 Bc5+ 13.Kg2 Bf2 14.Re2 h5 
15.fxe4 Bc5 16.exf5+ Be7 17.h4 Bxf5 18.Bg5 Qxb2 
19.Rxe7+ Kf8 20.Qf3 g6 21.Rf7+ Ke8 
22.Qxc6+ 1-0

[Event "HCL-B3785"]
[Site "www.playchess.de"]
[Date "2006.01.23"]
[Round "9"]
[White "ulibear"]
[Black "dynamike"]
[WhiteElo "1302"]
[BlackElo "1479"]
[PlyCount "75"]
[Result "1-0"]

1.Nf3 {Happy New Year and best of luck!}  d5 2.d4 
Nc6 {Happy new year}  3.c4 {thxs and same to you 
and your family :-)}  e6 4.e3 Nf6 5.Nc3 Be7 6.Bd3 
Bd7 7.cxd5 Nxd5 8.O-O Ncb4 9.Nxd5 exd5 10.Bb1 Bg4 
11.h3 Bh5 12.a3 Nc6 13.b4 a6 14.Bd3 O-O 15.Be2 Bd6 
16.Bb2 Rc8 17.Nd2 Bg6 18.Nb3 f5 19.Bd3 Qf6 20.Qc2 
Nd8 21.Nc5 h6 22.g4 h5 23.f3 Qh4 24.Qg2 Kh7 
25.gxf5 Bxf5 26.Bxf5+ Rxf5 27.f4 Qe7 28.Rae1 Rf6 
29.Qxd5 Qf7 30.Qxf7 Rxf7 31.Ne4 Be7 32.Ng5+ Kg8 
33.Nxf7 Nxf7 34.Rec1 c6 35.d5 Nd6 36.dxc6 Rxc6 
37.Rxc6 bxc6 38.Rc1 1-0

[Event "HCL-B3788"]
[Site "www.playchess.de"]
[Date "2006.01.23"]
[Round "7"]
[White "handrej68"]
[Black "ama49"]
[WhiteElo "1437"]
[BlackElo "1217"]
[PlyCount "40"]
[Result "0-1"]

1.d4 Nf6 2.Bg5 Ne4 3.Bf4 d6 4.e3 Nc6 5.Bd3 Bf5 
6.f3 e5 7.fxe4 exf4 8.exf5 f6 9.c3 Qe7 10.e4 O-O-O 
11.Nd2 g6 12.fxg6 hxg6 13.Qg4+ f5 14.Qxf4 fxe4 
15.Qxe4 Re8 16.O-O-O Bh6 17.Qxe7 Rxe7 18.Ngf3 Rhe8 
19.Rhe1 Bxd2+ 20.Kxd2 Kd8 0-1

[Event "HCL-M868"]
[Site "www.playchess.de"]
[Date "2006.01.23"]
[Round "10"]
[White "maik42_"]
[Black "Hassell"]
[WhiteElo "2169"]
[BlackElo "2307"]
[PlyCount "67"]
[Result "1-0"]

1.Nf3 {hallo again..}  c5 {Hi!}  2.g3 Nc6 3.Bg2 g6 
4.O-O Bg7 5.d3 d6 6.e4 Nf6 7.c3 O-O 8.Re1 e5 
9.Nbd2 b5 10.Nf1 a5 11.a4 b4 12.Ne3 Rb8 13.Nd2 Re8 
14.Ndc4 Bb7 15.Bd2 {maik vs. hassel 1:1 now 
...lets go to tiebraek ;-)}  h5 {Sounds good to 
me!}  16.f4 {to me too}  exf4 17.gxf4 d5 18.exd5 
Ne7 19.d6 Nc8 20.Bxb7 Rxb7 21.Qf3 Rd7 22.Qa8 Nxd6 
23.Qxd8 Rdxd8 24.Nxa5 bxc3 25.Bxc3 Rd7 26.Nb3 Rde7 
27.Nc4 Nxc4 28.Rxe7 Rxe7 29.dxc4 Ne4 30.Bxg7 Kxg7 
31.a5 Ra7 32.a6 f5 33.Ra5 Kf6 34.Kg2 1-0

[Event "HCL-B3804"]
[Site "www.playchess.de"]
[Date "2006.01.23"]
[Round "10"]
[White "Phileas"]
[Black "evets"]
[WhiteElo "1402"]
[BlackElo "1445"]
[PlyCount "117"]
[Result "0-1"]

1.d4 {happy new year and a good game to you}  e6 
{Thank you and good luck in 2006!}  2.e4 d5 3.e5 
c5 4.Nf3 Qb6 5.c3 Nc6 6.Qb3 Qa5 7.Bb5 c4 8.Qa4 Qb6 
9.Bxc6+ bxc6 10.Qc2 c5 11.Be3 cxd4 12.Bxd4 Bc5 
13.Bxc5 Qxc5 14.O-O Ne7 15.Ng5 Ng6 16.Qe2 h6 
17.Nf3 Nf4 18.Qe3 Qxe3 19.fxe3 Nd3 20.b4 O-O 
21.Ne1 Nxe5 22.a4 a6 23.Nd2 Nc6 24.Nef3 Re8 25.Rf2 
e5 26.Re1 Bf5 27.Nf1 Bd3 28.Ng3 e4 29.Nd2 g6 
30.Rf6 Ne7 31.Rd1 Bc2 32.Rdf1 Ref8 33.a5 Ba4 
34.Ngxe4 dxe4 35.Nxe4 Bc6 36.Nd6 Bd5 37.e4 Be6 
38.e5 Nc8 39.Ne4 Na7 40.Nd6 Nc6 41.Nxc4 {more and 
more interesting.. .de plus en plus interessant, 
ce jeu... :) je m'amuse bien! :) I am having fun, 
my friend!}  Bxc4 42.Rxc6 Bxf1 43.Kxf1 Rfc8 44.Rd6 
Rxc3 45.Rd2 Re3 46.Rd5 Re4 47.b5 axb5 48.Rxb5 Ra4 
49.Ke2 R4xa5 50.Rb3 Rxe5+ 51.Kd2 Rd8+ 52.Kc2 Rc5+ 
53.Kb2 Rd2+ 54.Ka3 Rxg2 55.Kb4 Rcc2 56.Ka5 Rcb2 
57.Rc3 Rb8 58.Ra3 Rgb2 59.Ka6 {merci! :)} 
 0-1

[Event "HCL-B3848"]
[Site "www.playchess.de"]
[Date "2006.01.23"]
[Round "4"]
[White "Skipper_Robert"]
[Black "ivusko"]
[WhiteElo "1023"]
[BlackElo "1216"]
[PlyCount "114"]
[Result "0-1"]

1.e4 {Hello!}  e5 {hi}  2.Nf3 d6 3.d4 exd4 4.Nxd4 
Bd7 5.Be3 Nc6 6.Nc3 Nf6 7.Bc4 Be7 8.a3 O-O 9.h3 
Na5 10.Be2 Nc6 11.Qd3 Nxd4 12.Bxd4 a6 13.O-O-O c5 
14.Be3 Bc6 15.f3 b5 16.g4 Nd7 17.g5 Ne5 18.Qd2 a5 
19.f4 Nd7 20.Bg4 b4 21.Nd5 Bxd5 22.Qxd5 Nb6 23.Qd3 
bxa3 24.Qxa3 Nc4 25.Qb3 Nxe3 26.Qxe3 Rb8 27.Qc3 
Qc7 28.Bh5 d5 29.e5 d4 30.Qe1 Qb6 31.b3 a4 32.bxa4 
Qb1+ 33.Kd2 Qb4+ 34.Ke2 Qxa4 35.Rd2 Bd8 36.h4 Ba5 
37.Bf3 Qb5+ 38.Kf2 Bxd2 39.Qxd2 Qa4 40.c3 Qa3 
41.cxd4 Rb2 42.Qxb2 Qxb2+ 43.Kg3 Qxd4 44.Rb1 Qd3 
45.Rc1 c4 46.h5 c3 47.Kg4 Qd2 48.Rd1 Qb2 49.Rd3 c2 
50.Rd2 Qc3 51.Rxc2 Qxc2 52.f5 Qc4+ 53.Kg3 Re8 
54.f6 Rxe5 55.fxg7 Rxg5+ 56.Kf2 Qc2+ 57.Ke3 
Rxg7 0-1

[Event "ACL-M075"]
[Site "www.playchess.de"]
[Date "2006.01.23"]
[Round "12"]
[White "bemweeks"]
[Black "Rolly"]
[WhiteElo "2203"]
[BlackElo "2080"]
[PlyCount "98"]
[Result "0-1"]

1.e4 {Pleased to meet you.}  d5 {Hello. Pleased to 
meet you too.}  2.exd5 Nf6 3.d4 Bg4 4.Bb5+ Nbd7 
5.f3 Bf5 6.c4 a6 7.Ba4 b5 8.cxb5 axb5 9.Bxb5 Nxd5 
10.Bd2 e6 11.Ne2 Bd6 12.O-O O-O 13.Nbc3 N7b6 
14.Ne4 c6 15.Bd3 Qb8 16.g3 Na4 17.Bc1 Be7 18.b3 
Nab6 19.a3 Nd7 20.Kh1 Qc7 21.Re1 Bb4 22.Rg1 Be7 
23.Bb2 Rfd8 24.Qc2 Qb6 25.Nc1 c5 26.Qf2 cxd4 
27.Bxd4 Qc7 28.Qb2 e5 29.Bf2 Be6 30.Bc4 f5 31.Nd2 
Bf6 32.Re1 e4 33.Bd4 Ne5 34.fxe4 Nxc4 35.Nxc4 Bxd4 
36.Qxd4 Nf6 37.Qb6 Qe7 38.Ra2 Nxe4 39.Kg1 {Best 
wishes for 2006! - Mark}  Bxc4 {A merry New Year 
for 2006.}  40.bxc4 Qf7 41.Rc2 Nd2 42.Rc3 Nxc4 
43.Qb4 Nd2 44.Ree3 Ne4 45.Rcd3 Qa7 46.Ne2 Rab8 
47.Qc4+ Kh8 48.Rd4 Nf6 49.Qd3 Rd5 0-1

[Event "HCL-C4013"]
[Site "www.playchess.de"]
[Date "2006.01.23"]
[Round "13"]
[White "Grunert"]
[Black "Walter2"]
[WhiteElo "929"]
[BlackElo "800"]
[PlyCount "46"]
[Result "1/2-1/2"]

1.e4 Nf6 2.d3 Nc6 3.Nf3 d5 4.exd5 Qxd5 5.Nc3 Qc5 
6.Be3 Qa5 7.Bd2 Qb4 8.Ne4 Qxb2 9.Bc3 Qb6 10.Rb1 
Qa6 11.Nxf6+ exf6 12.d4 Qa3 13.Bb2 Qxa2 14.Qc1 
Bb4+ 15.c3 Ba5 16.Ra1 Qe6+ 17.Be2 b6 18.Qd2 Ba6 
19.Kf1 Bxe2+ 20.Qxe2 Qxe2+ 21.Kxe2 O-O-O 22.Rhe1 
Rhe8+ 23.Kf1 b5 {(offering draw)} 
 1/2-1/2

[Event "HCL-B3685"]
[Site "www.playchess.de"]
[Date "2006.01.23"]
[Round "9"]
[White "JMD"]
[Black "matthew"]
[WhiteElo "1362"]
[BlackElo "1337"]
[PlyCount "80"]
[Result "0-1"]

1.d4 {hello from Paris}  Nf6 {hello from 
leicestershire, england}  2.Bg5 e6 3.e4 Be7 4.Bd3 
c6 5.h3 d5 6.e5 Nfd7 7.Bxe7 Qxe7 8.Nf3 c5 9.Bb5 
O-O 10.c3 a6 11.Bd3 Nc6 12.Qc2 g6 13.Nbd2 Nb6 
14.b3 cxd4 15.cxd4 Nb4 16.Qb1 Nxd3+ 17.Qxd3 Nd7 
18.O-O b5 19.a3 f6 20.b4 fxe5 21.dxe5 Rf5 22.Qe3 
Qg7 23.g4 Rf7 24.Ng5 Re7 25.f4 Bb7 26.Nxe6 Rxe6 
27.Rac1 Rc8 28.Rxc8+ Bxc8 29.Qd4 Nb6 30.Rc1 Nc4 
31.Nxc4 dxc4 32.Rd1 Re8 33.Qd5+ Kh8 34.Qc6 Qb7 
35.Qxe8+ Kg7 36.Rd8 Qb6+ 37.Kg2 Bb7+ 38.Kg3 Qe3+ 
39.Kh4 Qf2+ 40.Kg5 h6+ 0-1

[Event "HCL-B3823"]
[Site "www.playchess.de"]
[Date "2006.01.23"]
[Round "18"]
[White "Bense"]
[Black "val2005"]
[WhiteElo "1044"]
[BlackElo "1512"]
[PlyCount "66"]
[Result "0-1"]

1.e4 c5 2.d3 Nc6 3.f3 e6 4.Ne2 d6 5.g3 Qc7 6.c3 
Be7 7.Bf4 Nf6 8.d4 cxd4 9.cxd4 Bd7 10.Nbc3 Qa5 
11.a3 O-O 12.Bd2 Qd8 13.Qb3 Na5 14.Qc2 Rc8 15.Nf4 
e5 16.dxe5 dxe5 17.Nfe2 a6 18.Nc1 Be6 19.g4 Nd7 
20.N1e2 Nb3 21.Rd1 Nd4 22.Nxd4 exd4 23.Qa4 Bh4+ 
24.Ke2 Bc4+ 25.Qxc4 Rxc4 26.Nd5 Nf6 27.Kd3 Rc8 
28.Kxd4 Nxd5 29.exd5 Bf6+ 30.Kd3 Qxd5+ 31.Ke2 
Rfe8+ 32.Be3 Rc2+ 33.Ke1 Bh4+ 0-1

[Event "HCL-B3782"]
[Site "www.playchess.de"]
[Date "2006.01.23"]
[Round "10"]
[White "Wilmy"]
[Black "bonejacker"]
[WhiteElo "1217"]
[BlackElo "1706"]
[PlyCount "62"]
[Result "0-1"]

1.e4 {Hello to you, good luck and much pleasure!}  
c5 {hello friend  thanks and good luck to you}  
2.f4 {welcome!}  d6 3.Nf3 Nc6 4.Bc4 e6 5.d4 cxd4 
6.Nxd4 Be7 7.Be3 Bh4+ 8.g3 Bf6 9.Nc3 Nh6 10.Qd2 
Ng4 11.h3 Nxe3 12.Nxc6 Nxc2+ 13.Qxc2 bxc6 14.O-O-O 
Be7 15.Bb3 O-O 16.Kb1 Qa5 17.Na4 c5 18.g4 Rb8 
19.Rh2 Rd8 20.Rhd2 g6 21.Nc3 Ba6 22.Qc1 c4 23.Ba4 
Rb4 24.Qc2 Rdb8 25.Rc1 Bf6 26.Qd1 Bxc3 27.Rxc3 
Rxa4 28.a3 Rxa3 29.Rxa3 Qxa3 30.Qc2 c3 31.Rf2 
Rxb2+ 0-1

[Event "HCL-A2524"]
[Site "www.playchess.de"]
[Date "2006.01.23"]
[Round "9"]
[White "kaajmmk"]
[Black "zemljanin"]
[WhiteElo "1256"]
[BlackElo "1405"]
[PlyCount "26"]
[Result "0-1"]

1.e4 e6 2.Ne2 Bc5 3.d4 Bb6 4.Bf4 d6 5.c3 Ne7 
6.Qa4+ Bd7 7.Qc2 Ng6 8.g3 e5 9.dxe5 dxe5 10.Be3 
Bxe3 11.Nd2 Qf6 12.fxe3 Na6 13.O-O-O 
Bg4 0-1

[Event "HCL-E1542"]
[Site "www.playchess.de"]
[Date "2006.01.23"]
[Round "8"]
[White "Mosaik"]
[Black "mkefeli"]
[WhiteElo "1816"]
[BlackElo "1802"]
[PlyCount "83"]
[Result "1-0"]

1.e4 e5 2.Nf3 Nc6 3.d4 exd4 4.Nxd4 Bc5 5.Be3 Qf6 
6.c3 d6 7.Be2 Nge7 8.O-O Bd7 9.Qd2 O-O 10.b4 Bb6 
11.Na3 Rfe8 12.Nc4 Ng6 13.Nxb6 axb6 14.Bg5 Qe5 
15.f3 f6 16.Be3 Kh8 17.Nxc6 Bxc6 18.Bd4 Qf4 19.Be3 
Qe5 20.Bd3 Qe7 21.Rfe1 Ra3 22.b5 Bd7 23.f4 Rea8 
24.h3 Qf7 25.c4 Nf8 26.f5 Be8 27.Rec1 Nd7 28.Rc3 
Ne5 29.Be2 R3a4 30.Qc2 Qg8 31.Bf4 Nd7 32.g4 Bf7 
33.h4 Ne5 34.Bxe5 dxe5 35.Kh2 R4a3 36.Rxa3 Rxa3 
37.Qc1 Qf8 38.g5 Qc5 39.Kg2 Qd4 40.Qxa3 Qxa1 
41.Qf8+ Bg8 42.gxf6 1-0

[Event "ACL-A652"]
[Site "www.playchess.de"]
[Date "2006.01.23"]
[Round "8"]
[White "PrinceKheldar"]
[Black "Shevarnadse"]
[WhiteElo "1846"]
[BlackElo "1689"]
[PlyCount "67"]
[Result "1-0"]

1.e4 c6 2.d4 d5 3.Nc3 dxe4 4.Nxe4 Bf5 5.Ng3 Bg6 
6.h4 h6 7.Nf3 Nd7 8.h5 Bh7 9.Bd3 Bxd3 10.Qxd3 Ngf6 
11.Bf4 e6 12.O-O-O Qa5 13.Kb1 O-O-O 14.c4 Qa4 
15.Qe2 Bb4 16.Rd3 Nb6 17.a3 Be7 18.Nf5 exf5 
19.Qxe7 Nbd7 20.Ne5 Rhe8 21.Qxf7 c5 22.Qxg7 Ne4 
23.dxc5 Rxe5 24.c6 bxc6 25.Bxe5 Nxf2 26.Rxd7 Rxd7 
27.Qf8+ Kb7 28.Qxf5 Rd2 29.Rc1 Qb3 30.Qh7+ Ka6 
31.Qxh6 Qd3+ 32.Ka1 Qd7 33.b4 Ng4 
34.b5+ 1-0

[Event "HCL-C4069"]
[Site "www.playchess.de"]
[Date "2006.01.23"]
[Round "2"]
[White "TheBiologist"]
[Black "mikispag"]
[WhiteElo "800"]
[BlackElo "800"]
[PlyCount "52"]
[Result "0-1"]

1.e4 {Hello, have anice game.}  e6 {Hello}  2.Nf3 
d5 3.Nc3 Nf6 4.Bb5+ Bd7 5.Ne5 Bxb5 6.Nxb5 a6 7.Nd4 
dxe4 8.O-O Qxd4 9.Ng4 Nc6 10.c3 Qd3 11.Re1 O-O-O 
12.Ne3 h5 13.b4 Bd6 14.b5 axb5 15.Qe2 Qxe2 16.Rxe2 
Ne5 17.a4 b4 18.Rb1 Nd3 19.cxb4 Bxb4 20.Nc4 Rd4 
21.Bb2 Rxc4 22.Re3 Nxb2 23.Rb3 Nd3 24.h3 Rd8 
25.R3xb4 Rxb4 26.Rxb4 Nxb4 0-1

[Event "ACL-A656"]
[Site "www.playchess.de"]
[Date "2006.01.23"]
[Round "1"]
[White "PrinceKheldar"]
[Black "Rochade_III"]
[WhiteElo "1868"]
[BlackElo "1500"]
[PlyCount "45"]
[Result "1-0"]

1.d4 d5 2.c4 c6 3.Nc3 Nf6 4.e3 Nbd7 5.Nf3 e6 6.Bd3 
Bb4 7.O-O Qe7 8.Bd2 O-O 9.a3 Bxc3 10.Bxc3 Nb6 
11.Bb4 Qe8 12.Bxf8 Qxf8 13.c5 Na4 14.Qxa4 Qe7 
15.Qa5 Ng4 16.Rfe1 Bd7 17.Qc7 Re8 18.Qxb7 a5 19.h3 
Nf6 20.Ne5 Rc8 21.Ba6 Ne4 22.Nxd7 Qh4 
23.Qxc8+ 1-0

[Event "HCL-B3790"]
[Site "www.playchess.de"]
[Date "2006.01.23"]
[Round "3"]
[White "morten"]
[Black "pegasus"]
[WhiteElo "1308"]
[BlackElo "1178"]
[PlyCount "61"]
[Result "1-0"]

1.e4 e5 {good luck}  2.f4 exf4 3.Nf3 Qe7 4.Nc3 d5 
5.d3 Nc6 6.Nxd5 Bg4 7.Nxe7 Bxe7 {oops i made a bad 
mistake ha ha}  8.Bxf4 O-O-O 9.Be2 h5 {happy new 
year}  10.Qd2 {happy new year   u2}  Bb4 11.c3 Bc5 
12.Ng5 Nh6 13.Bxg4+ hxg4 14.e5 Rhe8 15.O-O-O f6 
16.exf6 gxf6 17.Ne6 Rxe6 18.Bxh6 Ne7 19.Rde1 Rxe1+ 
20.Rxe1 Nf5 21.Bf4 a5 22.d4 b5 23.Bxc7 Kxc7 
24.Qf4+ Bd6 25.Qxf5 a4 26.g3 b4 27.cxb4 Bxb4 
28.Re4 a3 29.b3 Bc3 30.Qc5+ Kd7 
31.Re7+ 1-0

[Event "HCL-T262"]
[Site "www.playchess.de"]
[Date "2006.01.23"]
[Round "9"]
[White "DaLyrik"]
[Black "reddog"]
[WhiteElo "760"]
[BlackElo "1802"]
[PlyCount "22"]
[Result "0-1"]

1.e4 e5 2.Nf3 Nc6 3.Bc4 Nf6 4.Ng5 Bc5 5.Nxf7 Bxf2+ 
{Hi DaLyrik, have a good game}  6.Kxf2 {Thanks. I 
hope the same for you!}  Nxe4+ 7.Kf1 Qh4 8.g3 Qf6+ 
9.Ke2 Qf2+ 10.Kd3 Nc5+ 11.Kc3 Qd4+ 0-1

[Event "HCL-B3763"]
[Site "www.playchess.de"]
[Date "2006.01.23"]
[Round "16"]
[White "epenz"]
[Black "unclcarle"]
[WhiteElo "984"]
[BlackElo "1099"]
[PlyCount "58"]
[Result "0-1"]

1.e4 {hi}  e5 {Hello there}  2.Nf3 Bc5 3.d3 Nf6 
4.Be2 Ng4 5.d4 Bb6 6.h3 Nf6 7.Bd3 Nc6 8.d5 Nb4 
{very good move}  9.Nxe5 Qe7 10.Nf3 Nxd3+ 11.Qxd3 
Nxe4 12.Be3 O-O 13.O-O d6 14.Bxb6 axb6 15.Nbd2 Bf5 
16.Qe3 Rfe8 17.c4 Qf6 18.Rab1 Qg6 19.g4 Bxg4 
20.hxg4 Qxg4+ 21.Kh1 Ng3+ 22.fxg3 Rxe3 23.Rbe1 
Rxe1 24.Nxe1 Qe2 25.Kg1 Qxd2 26.Nf3 Qxb2 27.Rf2 
Qc1+ 28.Rf1 Qe3+ 29.Rf2 Rxa2 0-1

[Event "HCL-E1503"]
[Site "www.playchess.de"]
[Date "2006.01.23"]
[Round "2"]
[White "ZorMaster"]
[Black "Fantaw"]
[WhiteElo "1738"]
[BlackElo "1582"]
[PlyCount "109"]
[Result "1-0"]

1.e4 {all the best}  c5 2.Nf3 Nc6 3.d4 cxd4 {Hi! 
Good game!}  4.Nxd4 {ty :)}  Nf6 5.Nc3 e5 6.Ndb5 
d6 7.Bg5 a6 8.Na3 Be7 9.Nc4 b5 10.Bxf6 Bxf6 
11.Nxd6+ Ke7 12.Nxc8+ Rxc8 13.Nd5+ Kf8 14.c3 Ne7 
15.Nxf6 Qxd1+ 16.Rxd1 gxf6 17.g3 Nc6 18.Bh3 Rc7 
19.Ke2 Ke7 20.Rd5 b4 21.Rhd1 Rb8 22.R5d7+ Rxd7 
23.Rxd7+ Ke8 24.Rc7 bxc3 25.bxc3 Nd8 26.Ke3 Rb6 
27.Bd7+ Kf8 28.a4 Rb7 29.Rxb7 Nxb7 30.Bc6 Nc5 
31.a5 Nb3 32.Bb7 Nxa5 33.Bxa6 Nb3 34.Bc4 Nc5 
35.Bd5 Ke7 36.f4 h6 37.h3 Kf8 38.h4 Ke7 39.Kf3 Nd3 
40.Kg4 exf4 41.gxf4 Kf8 42.Kf3 Ke7 43.Ke3 Nc5 
44.Kd4 Nd7 45.c4 Nf8 46.h5 Nh7 47.c5 Nf8 48.c6 Kd6 
49.e5+ Kc7 50.Kc5 fxe5 51.fxe5 Ne6+ 52.Bxe6 fxe6 
53.Kb5 Kc8 54.Kb4 Kd8 55.Kc4 1-0

[Event "HCL-E1525"]
[Site "www.playchess.de"]
[Date "2006.01.23"]
[Round "11"]
[White "BohdanL"]
[Black "Spotsychess"]
[WhiteElo "1499"]
[BlackElo "1474"]
[PlyCount "72"]
[Result "0-1"]

1.Nf3 {hi, have a nice game}  e6 {You too}  2.c4 
b6 3.g3 Bb7 4.Bg2 Nf6 5.O-O Be7 6.d4 d6 7.Nc3 O-O 
8.Qc2 h6 9.Rd1 c6 10.e4 Qc7 11.e5 dxe5 12.dxe5 
Nfd7 13.Qe2 c5 14.Nb5 Qc8 15.b3 Nc6 16.Bb2 a6 
17.Nd6 Bxd6 18.Rxd6 Rb8 19.Rad1 Rd8 20.Nh4 Qc7 
21.f4 Nf8 22.f5 Rxd6 23.exd6 Qd7 24.fxe6 Nxe6 
25.Nf5 Re8 26.Ne7+ Nxe7 27.dxe7 Qxe7 28.Bxb7 Qxb7 
29.Qg4 Ng5 30.Rd5 Qe7 31.Re5 Qd8 32.Rd5 Qc7 33.h4 
Re4 34.Qd1 Qxg3+ 35.Kf1 Rf4+ 36.Ke2 
Rf2+ 0-1

[Event "HCL-A2537"]
[Site "www.playchess.de"]
[Date "2006.01.23"]
[Round "14"]
[White "Matu"]
[Black "slavi"]
[WhiteElo "1523"]
[BlackElo "1558"]
[PlyCount "86"]
[Result "0-1"]

1.Nf3 d5 2.b3 Nf6 3.Bb2 g6 4.g3 Bg7 5.Bg2 O-O 
6.O-O b6 7.e3 Bb7 8.d4 Nbd7 9.Nbd2 c5 10.c4 e6 
11.Rc1 Rc8 12.Ne5 Nxe5 13.dxe5 Nd7 14.f4 f6 15.Nf3 
fxe5 16.Nxe5 Nxe5 17.Bxe5 Bxe5 18.fxe5 Qd7 19.Qc2 
d4 20.Bxb7 Qxb7 21.exd4 cxd4 22.Qg2 Qxg2+ 23.Kxg2 
Rc5 24.Rxf8+ Kxf8 25.Rd1 Rxe5 26.Rxd4 Re2+ 27.Kh3 
Rxa2 28.Rd7 h5 29.Kh4 Rxh2+ 30.Kg5 Rg2 31.Kxg6 
Rxg3+ 32.Kxh5 a5 33.Rd6 Rxb3 34.Rxe6 a4 35.Re2 a3 
36.Ra2 Ke7 37.c5 bxc5 38.Kg5 c4 39.Kf4 Kd6 40.Ke4 
Kc5 41.Ra1 Kb4 42.Kd4 Rb2 43.Rc1 
a2 0-1

[Event "HCL-E1538"]
[Site "www.playchess.de"]
[Date "2006.01.23"]
[Round "6"]
[White "vvv_v"]
[Black "puddschini"]
[WhiteElo "1840"]
[BlackElo "2031"]
[PlyCount "29"]
[Result "1/2-1/2"]

1.e4 e6 {enjoy the game}  2.d4 c5 3.Nf3 cxd4 
4.Nxd4 Nc6 5.Nxc6 bxc6 6.Bd3 Nf6 7.O-O Qc7 8.h3 
Rb8 9.Nc3 Bd6 10.f4 Bc5+ 11.Kh1 O-O 12.e5 Nd5 
13.Nxd5 cxd5 14.Qh5 g6 15.Qe2 {(offering draw)} 
 1/2-1/2

[Event "HCL-A2526"]
[Site "www.playchess.de"]
[Date "2006.01.23"]
[Round "21"]
[White "Marius_sah"]
[Black "jjn2"]
[WhiteElo "1403"]
[BlackElo "1754"]
[PlyCount "56"]
[Result "0-1"]

1.e4 {Hi. Good luck!}  c6 {Hi. Good luck!}  2.d4 
d5 3.Nc3 dxe4 4.Nxe4 Bf5 5.Ng3 Bg6 6.h4 h6 7.Nf3 
Nf6 8.h5 Bh7 9.Bd3 Bxd3 10.Qxd3 e6 11.Be3 Nbd7 
12.O-O-O Bd6 13.Kb1 O-O 14.Ne4 Nxe4 15.Qxe4 Nf6 
16.Qd3 Rc8 17.Rdg1 Ng4 18.Rh4 f5 19.Qb3 Re8 
20.Qxb7 Qa5 21.Qb3 c5 22.dxc5 Bxc5 23.Bxc5 Qxc5 
{Best wishes for 2006! John}  24.Re1 Rcb8 25.Qd3 
Red8 26.Qe2 Rxb2+ 27.Kxb2 Qb4+ 28.Kc1 
Qa3+ 0-1

[Event "HCL-A2557"]
[Site "www.playchess.de"]
[Date "2006.01.23"]
[Round "20"]
[White "scaper"]
[Black "Aggie"]
[WhiteElo "1402"]
[BlackElo "1328"]
[PlyCount "45"]
[Result "1-0"]

1.d4 f5 2.c4 Nf6 3.Nc3 e6 4.Bg5 Be7 5.Nf3 O-O 
6.Qd2 Nc6 7.e3 h6 8.Bxf6 Bxf6 9.a3 d5 10.Qc2 Na5 
11.b4 Nxc4 12.Bxc4 dxc4 13.O-O a6 14.Rad1 b5 15.d5 
Qe7 16.Nd4 exd5 17.Nxd5 Qd6 18.Nxf5 Qe5 19.Nxf6+ 
Rxf6 20.Rd8+ Rf8 21.Rxf8+ Kxf8 22.Nh4 Bb7 
23.Ng6+ 1-0